000 00475nam a2200181Ia 4500
005 20250423101536.0
008 250422s9999 xx 000 0 und d
020 _a0-262-03298-8
050 _aHG 3851 .C66/
100 _aCorden, W. Max
245 0 _aToo sensational : on the choice of exchange rate regimes
260 _aLondon
260 _bThe MIT Press Cambridge, Massachusetts
260 _c2002
300 _a274 p
650 _aPolitical Science
942 _cBK
999 _c36595
_d36595